• 首页
  • 本馆介绍
  • 公告通知
  • 最新文献
  • 馆藏检索
  • 电子资源
  • 读者导购
  • 参考咨询
  • 我的图书馆
  • 登录
  • 详细信息显示
  • 放入我的书架
  • 预约/预借图书
  • 作者相关作品
  • 分类相关作品
  • 丛书相关作品
  • 出版社相关作品

书目信息

  • 表格格式
  • 工作单格式
  • 卡片格式
书名: Romance of the Three Kingdoms
作者: Luo Guanzhong
分册号:
分册名:
出版地: Hong Kong :
 
出版社: Seagull
出版时间:
页数: 91 p. ;
开本: 20cm.
丛书名:
中图分类号:
科图分类号:
其他分类号: H319.4
主题词:
电子资源:
000 00665nam 2200253 a 4500
001 E0758957351
004 000797144
005 20070301162954.18
008 eng
008 4001uueng0000000
020    @cCNY6.75.
040    @aNLC
041 1  @aeng @hchi
090    @aI242.4 @bL964/v.1
090    @aH319.4
096    @aI242.4
099    @dH319.4@ex166:1
100 1  @aLuo, Guanzhong, @dca. 1330-ca. 1400.
242 10 @a三国演义 / @c罗贯中 @ychi
245 10 @aRomance of the Three Kingdoms / @cLuo Guanzhong
246 34 @a三国志演义
260    @aHong Kong :@bSeagull ;@a1980.
300    @a91 p. ;@c20cm.
852 0  @bWWJC @cJ09 @k2C-2003 @hI242.4 @iL964/v.1
    
    Romance of the Three Kingdoms / / Luo Guanzhong.-Hong Kong : : Seagull ; ; 1980.
    91 p. ; ; 20cm.
    
    
    ISBN CNY6.75.
    
●
相关链接 在E读中查询图书 在五车中查询图书 在当当中查询图书 在豆瓣中查询图书


正题名:Romance of the Three Kingdoms     索取号:H319.4/x166:1         预约/预借

序号 登录号 条形码 馆藏地/架位号 状态 备注
1 100635   001436440   第四借阅区/ [索取号:H319.4/x166:1] 在馆    
2 100636   001436477   第四借阅区/ [索取号:H319.4/x166:1] 在馆    
3 100637   001436468   第二样本阅览室/ [索取号:H319.4/x166:1] 在馆    
唐山师范学院图书馆 欢迎您!
大连网信软件有限公司© 版权所有